[Event "Sao Paulo-chT"]
[Site "Sao Paulo"]
[Date "2019.02.24"]
[Round "4.3"]
[White "Cerqueira, Janderson Laurenco"]
[Black "Quintiliano Pinto, Renato Rodrigues"]
[Result "0-1"]
[WhiteElo "1527"]
[BlackElo "2435"]
[PlyCount "46"]
[EventDate "2019.02.23"]
[EventType "team-tourn"]
[EventRounds "7"]
[EventCountry "BRA"]
[SourceTitle "CBM 189 Extra"]
[Source "ChessBase"]
[SourceDate "2019.06.03"]
[SourceVersion "1"]
[SourceVersionDate "2019.06.03"]
[SourceQuality "1"]
[WhiteTeam "Sao Jose Taimanov"]
[BlackTeam "Osasco"]
[WhiteTeamCountry "BRA"]
[BlackTeamCountry "BRA"]

1. e4 c5 2. Nf3 d6 3. d4 cxd4 4. Nxd4 Nf6 5. Nc3 a6 6. f3 e5 7. Nb3 Be6 8. Be3 Be7 9. Qd2 0-0 10. Be2 Nbd7 11. 0-0-0 b5 12. Nd5 Bxd5 13. exd5 Nb6 14. Bxb6 Qxb6 15. Kb1 Rfc8 16. Bd3 a5 17. Be4 a4 18. Nc1 Rc4 19. Rde1 Rac8 20. c3 b4 21. cxb4 Rd4 22. Nd3 Qb5 23. Re3 Nxe4 0-1

[Event "BRA-ch Amateur U1600"]
[Site "Sao Paulo"]
[Date "2018.05.31"]
[Round "1"]
[White "Haraguchi, Matheus Sashaki"]
[Black "Cerqueira, Janderson Laurenco"]
[Result "1-0"]
[WhiteElo "1275"]
[BlackElo "1547"]
[PlyCount "105"]
[EventDate "2018.05.31"]
[EventType "swiss"]
[EventRounds "7"]
[EventCountry "BRA"]
[SourceTitle "EXT 2021"]
[Source "ChessBase"]
[SourceDate "2020.10.23"]
[SourceVersion "1"]
[SourceVersionDate "2020.10.23"]
[SourceQuality "1"]

1. c4 c5 2. Nc3 e6 3. Nf3 Nf6 4. g3 Be7 5. Bg2 0-0 6. 0-0 d5 7. cxd5 exd5 8. d4 cxd4 9. Nxd4 Nc6 10. Bg5 Be6 11. Nxe6 fxe6 12. Bh3 d4 13. Bxe6+ Kh8 14. Nb1 Qb6 15. Qb3 Qc7 16. Bf4 Ne5 17. Nd2 Bd6 18. Rac1 Qa5 19. Bxe5 Bxe5 20. Nc4 Qc5 21. Nxe5 Qxe5 22. Bc4 b6 23. Rfd1 Rab8 24. Qd3 Rfd8 25. e3 Qh5 26. f3 b5 27. Bb3 a5 28. exd4 a4 29. Bc2 Nd5 30. a3 g6 31. Re1 Qg5 32. Re4 Qf6 33. Kg2 Ne7 34. g4 Nd5 35. Kg3 Rf8 36. f4 Qd6 37. h4 Nf6 38. Re5 Qd7 39. Rce1 Rbe8 40. Bd1 Rxe5 41. Rxe5 Nd5 42. Qe4 Nxf4 43. Re7 Qd6 44. Qe5+ Qxe5 45. dxe5 Nd3 46. b3 axb3 47. Bxb3 Nc5 48. Ba2 Ne4+ 49. Kh3 Rf3+ 50. Kg2 Rxa3 51. Be6 Nc5 52. g5 b4 53. Re8+ 1-0

[Event "Sao Paulo Interclubs Paulista"]
[Site "Sao Paulo"]
[Date "2017.03.11"]
[Round "5.4"]
[White "Cerqueira, Janderson Laurenco"]
[Black "Mourao, Igor AC Lofredo"]
[Result "0-1"]
[WhiteElo "1964"]
[BlackElo "2087"]
[PlyCount "46"]
[EventDate "2017.03.04"]
[EventType "team-tourn"]
[EventRounds "7"]
[EventCountry "BRA"]
[SourceTitle "CBM 177 Extra"]
[Source "ChessBase"]
[SourceDate "2017.04.27"]
[SourceVersion "1"]
[SourceVersionDate "2017.04.27"]
[SourceQuality "1"]
[WhiteTeam "Sao Jose Taimanov"]
[BlackTeam "Sao Jose FIP"]
[WhiteTeamCountry "BRA"]
[BlackTeamCountry "BRA"]

1. e4 c5 2. Nc3 g6 3. f4 Bg7 4. Nf3 d6 5. Bc4 e6 6. 0-0 Ne7 7. d3 a6 8. a3 Nbc6 9. Qe1 0-0 10. Be3 d5 11. exd5 exd5 12. Nxd5 Nxd5 13. Bxc5 Re8 14. Qg3 Nce7 15. Ne5 Be6 16. Bxd5 Qxd5 17. Bxe7 Rxe7 18. Rae1 Rae8 19. c4 Qd4+ 20. Qe3 Qxb2 21. Qc5 Bf5 22. Rf2 Qc3 23. Rd1 Bxe5 0-1

[Event "Paulista-ch"]
[Site "Sao Paulo"]
[Date "2016.11.??"]
[Round "6"]
[White "Da Rosa, Henrique Jaze Simoe"]
[Black "Cerqueira, Janderson Laurenco"]
[Result "0-1"]
[WhiteElo "1332"]
[BlackElo "1574"]
[PlyCount "54"]
[EventDate "2016.11.09"]
[EventType "swiss"]
[EventRounds "6"]
[EventCountry "BRA"]
[SourceTitle "EXT 2022"]
[Source "ChessBase"]
[SourceDate "2021.10.06"]
[SourceVersion "1"]
[SourceVersionDate "2021.10.06"]
[SourceQuality "1"]

1. b3 e5 2. Bb2 d6 3. e3 Nf6 4. Nf3 Be7 5. d4 exd4 6. exd4 0-0 7. Bd3 Be6 8. 0-0 c6 9. c4 Nbd7 10. Nc3 d5 11. Qc2 dxc4 12. bxc4 Re8 13. Ng5 Nf8 14. Nxe6 Nxe6 15. d5 Nf4 16. Ne4 Nxd3 17. Nxf6+ Bxf6 18. Bxf6 Qxf6 19. Qxd3 Qd6 20. Rad1 Rad8 21. Rfe1 Qb4 22. Rxe8+ Rxe8 23. Qb1 Qxb1 24. Rxb1 cxd5 25. cxd5 b6 26. d6 f6 27. Rc1 Rd8 0-1

[Event "Sao Paulo-C U1700 op 5th"]
[Site "Sao Paulo"]
[Date "2016.10.13"]
[Round "1.21"]
[White "Sakiyama, Enzo Tetsuo"]
[Black "Cerqueira, Janderson Laurenco"]
[Result "0-1"]
[WhiteElo "1741"]
[BlackElo "1615"]
[PlyCount "134"]
[EventDate "2016.10.13"]
[EventType "swiss"]
[EventRounds "6"]
[EventCountry "BRA"]
[SourceTitle "EXT 2022"]
[Source "ChessBase"]
[SourceDate "2021.10.06"]
[SourceVersion "1"]
[SourceVersionDate "2021.10.06"]
[SourceQuality "1"]

1. e4 e6 2. d4 d5 3. e5 c5 4. c3 Nc6 5. Nf3 Qc7 6. c4 cxd4 7. Nxd4 Qxe5+ 8. Be3 Bb4+ 9. Nc3 Nf6 10. Nxc6 bxc6 11. Qd4 Qxd4 12. Bxd4 Be7 13. Bd3 c5 14. Be5 Bb7 15. 0-0 0-0 16. a3 a6 17. Rab1 d4 18. Ne2 Ne4 19. Rbd1 f6 20. Bf4 e5 21. Bd2 Nd6 22. b4 e4 23. Bb1 Nf7 24. Ng3 d3 25. Rfe1 cxb4 26. axb4 Nd6 27. Bxd3 exd3 28. Rxe7 Bc6 29. c5 Nf7 30. Bc3 Bb5 31. Rde1 Rae8 32. R7e3 Rxe3 33. Rxe3 Re8 34. Nf5 Rxe3 35. Nxe3 Ne5 36. f4 Nc4 37. Nxc4 Bxc4 38. Kf2 Kf7 39. Ke3 Ke6 40. Ke4 Bd5+ 41. Kxd3 Bxg2 42. Kc4 Bc6 43. Kd4 g5 44. fxg5 fxg5 45. Ke3 Kf5 46. Be1 h5 47. h3 h4 48. Kf2 g4 49. Kg1 g3 50. Kf1 Kf4 51. Bd2+ Kf5 52. Ke2 Bg2 53. Kd3 Bxh3 54. c6 Ke6 55. Kc4 Kd6 56. b5 axb5+ 57. Kxb5 g2 58. Be3 Kd5 59. c7 Bc8 60. Kb6 h3 61. Bg1 Ke4 62. Kc5 Kd3 63. Kd5 Ke2 64. Ke4 Kf1 65. Bh2 g1Q 66. Bxg1 Kxg1 67. Kf3 h2 0-1

[Event "Sao Paulo Salles Cup 3rd"]
[Site "Sao Paulo"]
[Date "2015.03.20"]
[Round "2"]
[White "Cerqueira, Janderson Laurenco"]
[Black "Araujo, Renan Aparecido"]
[Result "0-1"]
[WhiteElo "1621"]
[BlackElo "1962"]
[PlyCount "48"]
[EventDate "2015.03.20"]
[EventType "swiss"]
[EventRounds "6"]
[EventCountry "BRA"]
[SourceTitle "CBM 165 Extra"]
[Source "ChessBase"]
[SourceDate "2015.04.21"]
[SourceVersion "1"]
[SourceVersionDate "2015.04.21"]
[SourceQuality "1"]

1. e4 Nf6 2. e5 Nd5 3. Bc4 e6 4. Nf3 Nb6 5. Bb3 d5 6. d4 c5 7. c3 Nc6 8. Be3 cxd4 9. cxd4 Be7 10. 0-0 0-0 11. Nc3 f6 12. Bc2 fxe5 13. Nxe5 Nxe5 14. dxe5 Rf7 15. b3 Qc7 16. Qh5 g6 17. Bxg6 hxg6 18. Qxg6+ Rg7 19. Qe8+ Bf8 20. Bh6 Bd7 21. Qh5 Qxc3 22. Bxg7 Bxg7 23. f4 Rc8 24. Qh4 d4 0-1

[Event "BRA-ch Amateur"]
[Site "Sao Paulo"]
[Date "2014.03.03"]
[Round "5"]
[White "Cerqueira, Janderson Laurenco"]
[Black "Nakamura, Julia Yumi Ono"]
[Result "0-1"]
[WhiteElo "1656"]
[BlackElo "1325"]
[PlyCount "78"]
[EventDate "2014.03.01"]
[EventType "swiss"]
[EventRounds "7"]
[EventCountry "BRA"]
[SourceTitle "EXT 2016"]
[Source "ChessBase"]
[SourceDate "2015.10.08"]
[SourceVersion "1"]
[SourceVersionDate "2015.10.08"]
[SourceQuality "1"]

1. d4 d5 2. c4 e6 3. Nf3 Nf6 4. Bg5 Be7 5. e3 Nbd7 6. cxd5 exd5 7. Bd3 0-0 8. 0-0 Ne4 9. Bxe7 Qxe7 10. Nbd2 Ndf6 11. Rc1 c6 12. h3 Bd7 13. Qb3 Rab8 14. Qc2 Rfe8 15. Ne5 Nxd2 16. Qxd2 Be6 17. Qe2 Nd7 18. f4 Nf6 19. Qf3 g6 20. g4 Bc8 21. Rxc6 bxc6 22. Nxc6 Qd6 23. Nxb8 Qxb8 24. Rf2 Ne4 25. Bxe4 dxe4 26. Qd1 Be6 27. d5 Rd8 28. Rd2 Qd6 29. Qc2 Bxd5 30. Qa4 Qc5 31. Kf2 Qb6 32. Rxd5 Rxd5 33. Qe8+ Kg7 34. f5 Rd2+ 35. Kf1 Qa6+ 36. Kg1 Rd1+ 37. Kf2 Qf1+ 38. Kg3 Qf3+ 39. Kh4 Qf2+ 0-1

[Event "BRA-ch Amateur"]
[Site "Sao Paulo"]
[Date "2014.03.01"]
[Round "1"]
[White "Cerqueira, Janderson Laurenco"]
[Black "Sa, Antonio Villar Marq"]
[Result "0-1"]
[WhiteElo "1656"]
[BlackElo "1975"]
[PlyCount "100"]
[EventDate "2014.03.01"]
[EventType "swiss"]
[EventRounds "7"]
[EventCountry "BRA"]
[SourceTitle "EXT 2016"]
[Source "ChessBase"]
[SourceDate "2015.10.08"]
[SourceVersion "1"]
[SourceVersionDate "2015.10.08"]
[SourceQuality "1"]

1. d4 Nf6 2. c4 e6 3. Nf3 b6 4. Nc3 d5 5. Bf4 a6 6. e3 Bb7 7. cxd5 Nxd5 8. Bg3 Bd6 9. Bd3 0-0 10. 0-0 c5 11. Rc1 Nb4 12. Bb1 cxd4 13. Nxd4 Bxg3 14. hxg3 Nd7 15. a3 Nd5 16. Nde2 g6 17. Nxd5 Bxd5 18. Nc3 Bc4 19. Re1 Nc5 20. Bc2 Qf6 21. Qf3 Qxf3 22. gxf3 Rfd8 23. Ne4 Nxe4 24. Bxe4 Bd5 25. Bxd5 Rxd5 26. Rc2 Rad8 27. Rec1 Rd1+ 28. Rxd1 Rxd1+ 29. Kg2 Rb1 30. f4 Kf8 31. Kf3 Ke7 32. g4 h6 33. e4 f5 34. e5 fxg4+ 35. Kxg4 h5+ 36. Kh3 Kd7 37. Kg2 a5 38. Kh3 b5 39. Kg2 b4 40. axb4 axb4 41. Kh3 b3 42. Rd2+ Kc6 43. Rd6+ Kc5 44. Rxe6 Rxb2 45. Rxg6 Rxf2 46. Rg1 Rxf4 47. Rg2 Re4 48. e6 Rxe6 49. Rg5+ Kc4 50. Rxh5 Re1 0-1

[Event "Rio Claro IRT op 2nd"]
[Site "Rio Claro"]
[Date "2013.04.27"]
[Round "3"]
[White "Cerqueira, Janderson Laurenco"]
[Black "Januario, Marcos Antonio"]
[Result "0-1"]
[WhiteElo "1685"]
[BlackElo "1767"]
[PlyCount "44"]
[EventDate "2013.04.26"]
[EventType "swiss"]
[EventRounds "6"]
[EventCountry "BRA"]
[SourceTitle "CBM 154 Extra"]
[Source "ChessBase"]
[SourceDate "2013.06.25"]
[SourceVersion "2"]
[SourceVersionDate "2013.06.25"]
[SourceQuality "1"]

1. d4 Nf6 2. Nf3 e6 3. c4 d5 4. cxd5 exd5 5. Nc3 Be7 6. e3 0-0 7. Bd3 Bg4 8. Be2 Nbd7 9. 0-0 c6 10. a4 h6 11. Rb1 a5 12. Re1 Bd6 13. Bd3 Re8 14. e4 dxe4 15. Nxe4 Nxe4 16. Bxe4 Nf6 17. Qd3 Qc7 18. g3 Nxe4 19. Rxe4 Qd7 20. Nh4 Rxe4 21. Bxh6 Rae8 22. Be3 Qe6 0-1